000 00502nam a2200169 i 4500
001 50666
003 ES-MaACL
005 20230906162222.0
007 t|
008 030806s1970 sp ||||1| spa d
100 1 _aCublier, Anne.
_941949
245 1 0 _aIndira Gandhi /
_cAnne Cublier ; [lo tradujo... Felipe González Vicén].
260 _aMadrid :
_bGuadarrama,
_c[1970]
300 _a249 p., 8 lám. ;
_c18 cm.
700 1 _aGonzález Vicen, Felipe.
_959017
852 _aES-MaACL
_jC-45460
_bR.75499
999 _c50666
_d50666